Normal view
MARC view
Entry Personal Name
001 - CONTROL NUMBER
- control field: 49106
003 - CONTROL NUMBER IDENTIFIER
- control field: dpl
005 - DATE AND TIME OF LATEST TRANSACTION
- control field: 20120614160156.0
008 - FIXED-LENGTH DATA ELEMENTS
- fixed length control field: 120614|||a|||||| | ||| d
040 ## - CATALOGING SOURCE
- Original cataloging agency: dpl
- Transcribing agency: dpl
100 ## - HEADING--PERSONAL NAME
- Personal name: Wyman, Bruce
670 ## - SOURCE DATA FOUND
- Source citation: Work cat.: (dpl): Wyman, Bruce, Dictionary of environmental science / , 2003
670 ## - SOURCE DATA FOUND
- Source citation: Work cat.: (dpl): Wyman, Bruce, Dictionary of environmental science / , 2003
